Advertising: (Record no. 186997)
[ view plain ]
| 000 -LEADER | |
|---|---|
| fixed length control field | 00674nam a22001937a 4500 |
| 005 - DATE AND TIME OF LATEST TRANSACTION | |
| control field | 20220325141309.0 |
| 010 ## - LCCN (DPL NO) | |
| LC control number | ENG-132122 |
| 020 ## - INTERNATIONAL STANDARD BOOK NUMBER | |
| International Standard Book Number | 9789391420260 |
| Terms of availability | 99.00 |
| 035 ## - SYSTEM CONTROL NUMBER | |
| System control number | EN-115654 |
| 037 ## - SOURCE OF ACQUISITION | |
| Source of stock number/acquisition | DBAD/PUB |
| 082 ## - DEWEY DECIMAL CLASSIFICATION NUMBER | |
| Classification number | 659.1 |
| 100 ## - MAIN ENTRY--PERSONAL NAME | |
| Personal name | Ruthuja, P. |
| 245 ## - TITLE STATEMENT | |
| Title | Advertising: |
| Remainder of title | Skill Development Course/ |
| Statement of responsibility, etc | P. Ruthuja & K. Mercy Snehalatha |
| 260 ## - PUBLICATION, DISTRIBUTION, ETC. (IMPRINT) | |
| Place of publication, distribution, etc | Hyderabad |
| Name of publisher, distributor, etc | Spectrum Publication |
| Date of publication, distribution, etc | 2021 |
| 270 ## - ADDRESS | |
| Address | #326/C,III Floor, Surneni Nilayam Near B K Guda Park, S R Nayar |
| City | Hyderabad |
| Postal code | 500038 |
| Telephone number | 91-4023710657 |
| Electronic mail address | studentshelpline.in@gmail.com |
| 300 ## - PHYSICAL DESCRIPTION | |
| Extent | viii, 104p. |
| Dimensions | 24cm(pbk) |
| 700 ## - ADDED ENTRY--PERSONAL NAME | |
| Personal name | Snehalatha, K. Mercy |
| 942 ## - ADDED ENTRY ELEMENTS (KOHA) | |
| Source of classification or shelving scheme | Dewey Decimal Classification |
| Item type | English Books |
| Call number suffix | RUT |
| Classification part | 659.1 |
| Withdrawn status | Lost status | Not for loan | Collection code | Home library | Current library | Date acquired | Source of acquisition | Cost, normal purchase price | Full call number | Barcode | Copy number | Cost, replacement price | Koha item type |
|---|---|---|---|---|---|---|---|---|---|---|---|---|---|
| Non-fiction | Central Library | Central Library | 25/03/2022 | DBAD/PUB | 99.00 | 659.1 RUT | EN-115654 | 1 | 99.00 | English Books |
